Представление документа в формате MARC21

Поле Инд. ПП Название Значение
Тип записи a
Библиографический уровень b
001 Контрольный номер RU/IS/BASE/142092017
005 Дата корректировки 20200622192855.2
084 a Индекс другой классификации/Индекс ББК 66.1(7США)6
a Индекс другой классификации/Индекс ББК 60.561.51; 66.74,2
100 1_ a Автор Антонов А. И.
100 1_ a Автор Филлипс Т. Ч.
245 a Заглавие Социально-конвенциальные истоки теории семьи в американском феминизме
504 a Библиография Библиогр. ссылки
520 a Аннотация В статье рассматривается теория семейно-брачных отношений с точки зрения феминистской социологии (так называемая антисемейная теория феминизма)
650 a Основная рубрика история политических учений
a Основная рубрика общественные движения
a Основная рубрика политика
a Основная рубрика социология
a Основная рубрика социология семьи
653 a Ключевые слова XX век
a Ключевые слова брак
a Ключевые слова гендерная социология
a Ключевые слова женское движение
a Ключевые слова кризис семьи
a Ключевые слова политические течения
a Ключевые слова семейные отношения
a Ключевые слова семья
a Ключевые слова США
a Ключевые слова феминизация
a Ключевые слова феминизм
a Ключевые слова феминистская теория
773 t Заглавие источника Вестник Московского университета. Серия 18, Социология и политология
d Дата издания источника 2002
g Прочая информация № 1. - С. 117 - 128
w Контрольный № источника RU/IS/BASE/148577933
901 t Тип документа b